Регионална библиотека "Любен Каравелов" - Русе

Пейзажи (Запис номер 526989)

MARC детайли
000 -Лидер
Лидер 01272nam a2200289 a 4500
003 - Код на организацията, давaща контролен номер
Код на организацията, даваща контролен номер BLK
005 - Дата и час на последна редакция
Дата и час на последна редакция 20250213133219.0
007 - Фиксирано поле за физическо описани
Физическо описание ta
008 - Елементи от данни с фиксирана дължина
Елементи с фиксирана дължина 221104b bu |||||r|||| 00| | bu d
020 ## - Международен стандартен номер на книга ISBN
ISBN 9789548685344
040 ## - Източник на каталожния запис
Код на библиотеката BLK
041 ## - Код за език
Език Български
Език за КДБФ Български
080 ## - УДК
9 (RLIN) 227592
УДК текст Българска литература
УДК код 821.163.2
УДК – определител -1
УДК – код + определител 821.163.2-1
080 ## - УДК
9 (RLIN) 227592
УДК текст Българска литература
УДК код 821.163.2
УДК – определител -93-1
УДК – код + определител 821.163.2-93-1
084 ## - Класификационен индекс по друга класификация
Авторски знак Георгиев - Г 37
100 ## - Редна дума - Автор
R(LIN) 368754
Автор Георгиев, Лъчезар Георгиев
Години, свързани с автора 1956-
Биография на автора Филолог, автор на проза
245 ## - Сведения за заглавието
Заглавие Пейзажи
Подзаглавни данни песенна, пътна и детска лирика : поетичен сборник-антология
Авторска отговорност Лъчезар Георгиев
260 ## - Област на издателските данни
9 (RLIN) 209937
Място на издаване В. Търново
Име на издателя Star Way
Година на издаване 2025
Печатница В. Търново: Faber
300 ## - Физическа характеристика
Брой страници 70 с.
Илюстрации с ил.
Размер 21 см
380 ## - Жанр
Жанр Худож. лит.
500 ## - Общи забележки
Обща забележка Загл. и на англ. ез.: Landscapes<br/>Биогр. данни за авт. отбелязани на гърба на кор.<br/>
520 ## - Забележка за наличие на резюме, анотация и т.н
Анотация, рецензия Рез. на англ. ез.
852 ## - Местоположение
Сигнатура (форматна) Цб 326399
Отдел Хранилище
856 ## - Електронен адрес и достъп
Инструкция (цена за достъп) 0.00
Права за достъп disable
942 ## - АРТИКУЛИ
Вид на библиотечния документ Книги
Скрит в OPAC Не
944 ## - СЪЗДАВАНЕ И РЕДАКЦИЯ на ЗАПИСА
Създаване/Редакция
Дата на регистрацията/редакция Моника Янева
Служител, извършил регистрацията/редакцията 30570
Номер на служител Моника Янева
999 ## - СИСТЕМНИ КОНТРОЛНИ НОМЕРА
Koha biblionumber 526989
Koha biblioitemnumber 526989
Наличности
Код за отписване Код за изгубен артикул Източник на класификационната схема Код за повреда Коз за рестрикции Код за отдаване Артикулен № Име на библиотеката - собственик Име на библиотеката, в която се намира в момента Статус (Текущо местоположение) Дата на вписване в системата Местоположение - отдел Цена в лева Инвентарен номер Систематично азбучна сигнатура Баркод Цена в евро Служебен тип на артикула
  Не е изгубен Universal Decimal Classification Не е повреден само за читалня ползва се в читалня 961065 Регионална библиотека "Любен Каравелов" Русе Регионална библиотека "Любен Каравелов" Русе Хранилище 2025-02-14 Хранилище 7.00 120000918120 Цб 326399 120000918120 3.58 Книги
  Не е изгубен Universal Decimal Classification Не е повреден   заемане за дома 974446 Регионална библиотека "Любен Каравелов" Русе Регионална библиотека "Любен Каравелов" Русе Заемна - подръчен фонд 2025-06-04 Заемна - подръчен фонд 7.00 120000919971 821.163.2-1/Г 37 Л 120000919971 3.58 Книги
Vip Innovations Ltd, Rousse, Bulgaria 2025